000 00806cam a2200313 4500
001 J92741
008 090401t1998 xxu||||| |||| 00| 0 eng d
035 _a(Sirsi) u87269
041 _aeng
050 _a333.337
110 _aHillier Parker
_92054
245 _aProperty market quarterly review. - June 1998
260 _aLondon
_bHillier Parker May & Rowden
_c1998
300 _a1 pt. ; 30cm.
350 _a0
650 _aLETTING MARKET
650 _aLONDON
650 _aOFFICES
650 _aPROPERTY DEVELOPMENT
650 _aPROPERTY INVESTMENT
650 _aPROPERTY MARKET
650 _aRETAIL PROPERTY
650 _aRETAIL WAREHOUSES
650 _aSHOPPING CENTRES
650 _aWAREHOUSES
690 _aPROPERTY-COMMERCIAL PROPERTY
942 _n0
948 _c08/07/1998
999 _c97207
_d97207